[Event "Goiania op"]
[Site "Goiania"]
[Date "2021.02.27"]
[Round "4"]
[White "Arruda Filho, Ivo Pereira de"]
[Black "De Oliveira, Enzo Resende"]
[Result "1-0"]
[WhiteElo "1686"]
[BlackElo "1279"]
[PlyCount "89"]
[EventDate "2021.02.26"]
[EventType "swiss"]
[EventRounds "6"]
[EventCountry "BRA"]
[SourceTitle "EXT 2022"]
[Source "ChessBase"]
[SourceDate "2021.10.06"]
[SourceVersion "1"]
[SourceVersionDate "2021.10.06"]
[SourceQuality "1"]

1. Nf3 Nf6 2. d4 g6 3. g3 Bg7 4. Bg2 0-0 5. 0-0 d6 6. Bg5 h6 7. Bxf6 Bxf6 8. e4 c5 9. c3 Bg7 10. d5 Nd7 11. Nbd2 b5 12. Qc2 a6 13. Rad1 b4 14. c4 a5 15. b3 Nb6 16. Rfe1 Bc3 17. Re2 Bd7 18. Nb1 Bg7 19. e5 a4 20. e6 Be8 21. Nh4 f5 22. f4 axb3 23. axb3 Ra1 24. Nf3 Qa8 25. h4 Na4 26. Rde1 Nc3 27. Nxc3 Bxc3 28. Rxa1 Qxa1+ 29. Kh2 g5 30. fxg5 hxg5 31. Nxg5 Bh5 32. Rf2 Bd4 33. Rf1 Qc3 34. Qb1 Bg4 35. Rf4 Be5 36. Rxg4 Rf6 37. Ne4+ fxg4 38. Nxc3 bxc3 39. Qe4 Kg7 40. h5 Rh6 41. Qxg4+ Kf6 42. Be4 Bd4 43. Qf5+ Kg7 44. Qg5+ Kh8 45. Qxh6+ 1-0

[Event "Goiania FEXEG Cup"]
[Site "Goiania"]
[Date "2020.02.15"]
[Round "2"]
[White "De Melo, Raissa Vieira"]
[Black "De Oliveira, Enzo Resende"]
[Result "1-0"]
[WhiteElo "1587"]
[BlackElo "1297"]
[PlyCount "97"]
[EventDate "2020.02.14"]
[EventType "swiss"]
[EventRounds "5"]
[EventCountry "BRA"]
[SourceTitle "CBM 195 Extra"]
[Source "ChessBase"]
[SourceDate "2020.05.31"]
[SourceVersion "1"]
[SourceVersionDate "2020.05.31"]
[SourceQuality "1"]

1. d4 Nf6 2. c4 g6 3. Nc3 Bg7 4. e4 d6 5. Be2 0-0 6. Nf3 Nc6 7. e5 dxe5 8. dxe5 Qxd1+ 9. Bxd1 Ng4 10. Nd5 Ngxe5 11. Nxc7 Rb8 12. Nxe5 Nxe5 13. Be2 Bg4 14. Bxg4 Nxg4 15. Nd5 e6 16. Ne3 Nxe3 17. Bxe3 b6 18. Rb1 Rfc8 19. b3 Bc3+ 20. Ke2 Rd8 21. Rhd1 f6 22. a3 e5 23. Rd3 Bd4 24. Bxd4 exd4 25. Rbd1 Rd7 26. Rxd4 Re8+ 27. Kf3 Rxd4 28. Rxd4 Re7 29. g3 Rb7 30. Ke3 Kg7 31. b4 a5 32. c5 bxc5 33. bxc5 Rb3+ 34. Rd3 Rb5 35. Rc3 Rb8 36. Kd4 Kf7 37. Kd5 Ke7 38. Kc6 Rd8 39. Re3+ Kf8 40. Kc7 Rd4 41. Kb6 a4 42. c6 Rc4 43. c7 Rc2 44. Re6 Rb2+ 45. Ka7 Rc2 46. Kb7 Rb2+ 47. Rb6 Rc2 48. c8Q+ Rxc8 49. Kxc8 1-0

[Event "Goiania Xeque Mate U2200 op 4th"]
[Site "Goiania"]
[Date "2019.03.10"]
[Round "4"]
[White "De Oliveira, Enzo Resende"]
[Black "Colivet Gamboa, Julio Cesar"]
[Result "0-1"]
[WhiteElo "1293"]
[BlackElo "1357"]
[PlyCount "87"]
[EventDate "2019.03.09"]
[EventType "swiss"]
[EventRounds "5"]
[EventCountry "BRA"]
[SourceTitle "CBM 190 Extra"]
[Source "ChessBase"]
[SourceDate "2019.07.15"]
[SourceVersion "1"]
[SourceVersionDate "2019.07.15"]
[SourceQuality "1"]

1. c4 Nf6 2. g3 c5 3. Bg2 g6 4. Nf3 Bg7 5. 0-0 0-0 6. Nc3 Nc6 7. d4 d5 8. dxc5 dxc4 9. Qxd8 Rxd8 10. Be3 Bf5 11. Rac1 Ne4 12. Nxe4 Bxe4 13. b3 cxb3 14. axb3 Nb4 15. Rc4 Bxf3 16. Bxf3 Nc6 17. b4 Ne5 18. Re4 f5 19. Rf4 e6 20. h4 h6 21. Bxb7 g5 22. Bxa8 gxf4 23. Bxf4 Rxa8 24. b5 Rc8 25. Rc1 Nd7 26. c6 Nb6 27. c7 e5 28. Be3 Bf8 29. Bxb6 axb6 30. Rc6 Kf7 31. f3 Bc5+ 32. Kg2 h5 33. Kh3 Ke7 34. g4 fxg4+ 35. fxg4 hxg4+ 36. Kxg4 Bd6 37. Rxb6 Rxc7 38. Rb8 Rc4+ 39. Kg5 Bxb8 40. h5 Kf7 41. Kh6 Rc5 42. Kh7 Rxb5 43. e4 Rb6 44. Kh8 0-1

[Event "Goiania Xeque Mate U2200 op 4th"]
[Site "Goiania"]
[Date "2019.03.09"]
[Round "1"]
[White "De Oliveira, Enzo Resende"]
[Black "Franca, Jairo Jr"]
[Result "0-1"]
[WhiteElo "1293"]
[BlackElo "1832"]
[PlyCount "134"]
[EventDate "2019.03.09"]
[EventType "swiss"]
[EventRounds "5"]
[EventCountry "BRA"]
[SourceTitle "CBM 190 Extra"]
[Source "ChessBase"]
[SourceDate "2019.07.15"]
[SourceVersion "1"]
[SourceVersionDate "2019.07.15"]
[SourceQuality "1"]

1. c4 Nf6 2. g3 e6 3. Bg2 d5 4. cxd5 exd5 5. Nf3 c5 6. 0-0 Nc6 7. d3 Bd6 8. Nc3 0-0 9. Re1 Re8 10. Qb3 d4 11. Nd5 Nxd5 12. Qxd5 Be6 13. Qg5 Be7 14. Qd2 Rc8 15. Qd1 Bf6 16. Bf4 h6 17. b3 Nb4 18. a3 Nd5 19. Bd2 b5 20. Rc1 a5 21. a4 b4 22. e4 dxe3 23. fxe3 Bc3 24. e4 Bxd2 25. Qxd2 Nc3 26. Qc2 Qd7 27. Ne5 Qd4+ 28. Kh1 Qxe5 29. Rf1 Rcd8 30. Rf2 Rd6 31. Bf1 Red8 32. Re1 Qd4 33. e5 Bd5+ 34. Bg2 Re6 35. Rf4 Bxg2+ 36. Kxg2 Qxd3 37. Qxd3 Rxd3 38. Rc4 Rd5 39. Rf4 Rexe5 40. Ref1 f6 41. R1f2 Re2 42. R4f3 Rdd2 43. h4 Rxf2+ 44. Rxf2 Rxf2+ 45. Kxf2 c4 46. bxc4 b3 47. Ke3 b2 48. Kd3 b1Q+ 49. Kxc3 Qb4+ 50. Kd4 Kf7 51. Kd5 Ke7 52. c5 Kd7 53. c6+ Kc7 54. g4 Qxa4 55. g5 Qxc6+ 56. Kd4 a4 57. gxh6 gxh6 58. h5 a3 59. Kd3 a2 60. Kd2 a1Q 61. Kd3 Qa5 62. Kd4 Qab5 63. Ke3 Qcc4 64. Kd2 Qb2+ 65. Ke3 Qbb3+ 66. Kd2 Qcc2+ 67. Ke1 Qbb1# 0-1

[Event "Goiania Xeque Mate U2200 op 4th"]
[Site "Goiania"]
[Date "2019.03.09"]
[Round "3"]
[White "Rosa, Paulo Estevao"]
[Black "De Oliveira, Enzo Resende"]
[Result "1-0"]
[WhiteElo "1899"]
[BlackElo "1293"]
[PlyCount "99"]
[EventDate "2019.03.09"]
[EventType "swiss"]
[EventRounds "5"]
[EventCountry "BRA"]
[SourceTitle "CBM 190 Extra"]
[Source "ChessBase"]
[SourceDate "2019.07.15"]
[SourceVersion "1"]
[SourceVersionDate "2019.07.15"]
[SourceQuality "1"]

1. c4 Nf6 2. g3 g6 3. Bg2 Bg7 4. Nc3 0-0 5. d3 d6 6. Nf3 c5 7. 0-0 Nc6 8. a3 Bf5 9. Rb1 Re8 10. Bd2 Qc8 11. b4 b6 12. Qa4 Bd7 13. b5 Na5 14. Ng5 Rb8 15. Nd5 Nxd5 16. Bxd5 e6 17. Bg2 Qd8 18. Qc2 Bf6 19. Ne4 Bg7 20. Nxd6 Rf8 21. Ne4 Nb7 22. Bf4 e5 23. Bd2 f5 24. Nc3 Nd6 25. Nd5 Be6 26. a4 Ne8 27. e4 fxe4 28. dxe4 Nf6 29. Bc3 Ne8 30. Rbd1 Bg4 31. Rd2 Qg5 32. a5 Nd6 33. Ne3 Rbd8 34. axb6 axb6 35. Bb2 Bf3 36. Bxf3 Rxf3 37. Qd1 Rf6 38. f4 Qh5 39. Bxe5 Qxd1 40. Rfxd1 Re6 41. Rxd6 Rde8 42. Rxe6 Rxe6 43. Bxg7 Kxg7 44. e5 Kf7 45. Rd7+ Kg8 46. Nd5 h5 47. Rd6 Kf7 48. Rxb6 Re8 49. Rb7+ Kf8 50. Rc7 1-0

[Event "Goiania Xeque Mate U2200 2nd"]
[Site "Goiania"]
[Date "2018.07.29"]
[Round "5.8"]
[White "Ferraz, Michel Liah"]
[Black "De Oliveira, Enzo Resende"]
[Result "1-0"]
[WhiteElo "1780"]
[BlackElo "1295"]
[PlyCount "121"]
[EventDate "2018.07.28"]
[EventType "swiss"]
[EventRounds "5"]
[EventCountry "BRA"]
[SourceTitle "EXT 2022"]
[Source "ChessBase"]
[SourceDate "2021.10.06"]
[SourceVersion "1"]
[SourceVersionDate "2021.10.06"]
[SourceQuality "1"]

1. d4 Nf6 2. c4 g6 3. Nc3 Bg7 4. Nf3 0-0 5. Bg5 d6 6. e3 Bf5 7. Be2 h6 8. Bh4 Nbd7 9. 0-0 e5 10. Re1 e4 11. Nd2 Qe8 12. g4 Bxg4 13. Bxg4 Nxg4 14. Qxg4 Nf6 15. Bxf6 Bxf6 16. Ndxe4 Bg7 17. Nd2 Qd8 18. Kh1 c5 19. Nf3 Re8 20. h4 h5 21. Qg3 Qc8 22. Rg1 Qc6 23. d5 Qd7 24. Ng5 Rf8 25. f4 Bf6 26. Nce4 Bxb2 27. Rab1 Bg7 28. Rbf1 Qa4 29. f5 Qxc4 30. Qxd6 Rad8 31. Qxc5 Qxd5 32. fxg6 Qxc5 33. Nxc5 f6 34. Nge6 b6 35. Nxf8 Bxf8 36. Ne6 Re8 37. Nxf8 Rxf8 38. Rf5 Kg7 39. e4 Rh8 40. e5 fxe5 41. Rxe5 a5 42. a4 Rc8 43. Re7+ Kf6 44. Rf7+ Ke5 45. Re1+ Kd5 46. g7 Rc4 47. g8Q Rxh4+ 48. Kg2 Rg4+ 49. Qxg4 hxg4 50. Rf4 Kc6 51. Rxg4 b5 52. axb5+ Kxb5 53. Ra1 Kb6 54. Rga4 Kb5 55. Rxa5+ Kb4 56. R1a4+ Kb3 57. Kf3 Kc3 58. Ke3 Kb3 59. Kd3 Kb2 60. Rb5+ Kc1 61. Ra1# 1-0

[Event "Goiania FEXEG Cup"]
[Site "Goiania"]
[Date "2017.10.29"]
[Round "5"]
[White "De Oliveira, Enzo Resende"]
[Black "De Miranda, Daniele Correa"]
[Result "1-0"]
[WhiteElo "1283"]
[BlackElo "1147"]
[PlyCount "81"]
[EventDate "2017.10.27"]
[EventType "swiss"]
[EventRounds "6"]
[EventCountry "BRA"]
[SourceTitle "CBM 181 Extra"]
[Source "ChessBase"]
[SourceDate "2017.12.12"]
[SourceVersion "1"]
[SourceVersionDate "2017.12.12"]
[SourceQuality "1"]

1. c4 e5 2. g3 Nc6 3. Bg2 Bb4 4. Nf3 Nf6 5. 0-0 d5 6. cxd5 Nxd5 7. d4 Bd6 8. dxe5 Bxe5 9. Nxe5 Nce7 10. Qb3 f6 11. Nc3 c6 12. Rd1 Be6 13. e4 Qd6 14. exd5 cxd5 15. Nxd5 Nxd5 16. Bxd5 Bh3 17. Bg2 Be6 18. Rxd6 Bxb3 19. axb3 fxe5 20. Re6+ Kd7 21. Rxe5 Rhe8 22. Rxe8 Rxe8 23. Be3 b6 24. Rxa7+ Kd6 25. Rxg7 Ke5 26. Rxh7 Rd8 27. Rh5+ Ke6 28. Rh6+ Ke5 29. Bf4+ Kd4 30. Rxb6 Kd3 31. b4 Ke2 32. Re6+ Kd1 33. Rd6+ Kc2 34. Rxd8 Kxb2 35. b5 Kc3 36. b6 Kc4 37. b7 Kc3 38. b8Q Kc4 39. Qc7+ Kb5 40. Rb8+ Ka6 41. Qb6# 1-0

[Event "Goiania FEXEG Cup"]
[Site "Goiania"]
[Date "2017.10.28"]
[Round "3"]
[White "De Oliveira, Enzo Resende"]
[Black "Barboza, Frederick Borges"]
[Result "0-1"]
[WhiteElo "1283"]
[BlackElo "1474"]
[PlyCount "82"]
[EventDate "2017.10.27"]
[EventType "swiss"]
[EventRounds "6"]
[EventCountry "BRA"]
[SourceTitle "CBM 181 Extra"]
[Source "ChessBase"]
[SourceDate "2017.12.12"]
[SourceVersion "1"]
[SourceVersionDate "2017.12.12"]
[SourceQuality "1"]

1. c4 g6 2. g3 Bg7 3. Bg2 d6 4. Nf3 Nf6 5. 0-0 0-0 6. d4 Nc6 7. d5 Nb4 8. Bg5 Bf5 9. Nbd2 Bc2 10. Qc1 Bf5 11. c5 Nbxd5 12. cxd6 cxd6 13. Re1 Rc8 14. Qd1 Bc2 15. Qc1 Nb4 16. Nd4 Ba4 17. Qb1 e5 18. Bh3 Rc7 19. N4b3 Nc2 20. Rc1 Nxa1 21. Rxc7 Qxc7 22. Qxa1 Qc2 23. Bxf6 Bxf6 24. Kf1 e4 25. Ke1 Bxb2 26. Qd1 Qc6 27. e3 f5 28. Qb1 Bc3 29. Bf1 Qd5 30. Bc4 Qxc4 31. Kd1 Bxd2 32. Kxd2 Bxb3 33. axb3 Qd3+ 34. Qxd3 exd3 35. Kxd3 Rc8 36. f4 b5 37. Kd4 a5 38. Kd5 a4 39. bxa4 bxa4 40. Kxd6 a3 41. Kd7 Rc2 0-1

[Event "Goiania FEXEG Cup"]
[Site "Goiania"]
[Date "2017.10.28"]
[Round "4"]
[White "Franca, Jairo"]
[Black "De Oliveira, Enzo Resende"]
[Result "1-0"]
[WhiteElo "1617"]
[BlackElo "1283"]
[PlyCount "165"]
[EventDate "2017.10.27"]
[EventType "swiss"]
[EventRounds "6"]
[EventCountry "BRA"]
[SourceTitle "CBM 181 Extra"]
[Source "ChessBase"]
[SourceDate "2017.12.12"]
[SourceVersion "1"]
[SourceVersionDate "2017.12.12"]
[SourceQuality "1"]

1. b3 c5 2. c4 g6 3. Bb2 Nf6 4. Nc3 Bg7 5. e3 d6 6. Nd5 Nbd7 7. Nxf6+ Nxf6 8. Nf3 0-0 9. Be2 b6 10. 0-0 Bb7 11. d3 a6 12. a4 Re8 13. e4 e5 14. h3 Bc8 15. Nh2 Bb7 16. Bc1 d5 17. cxd5 Nxd5 18. exd5 Qxd5 19. Bf3 Qd7 20. Bxb7 Qxb7 21. Ra2 Rad8 22. f3 e4 23. fxe4 Rxe4 24. Qf3 Re7 25. Qxb7 Rxb7 26. Rf3 Re7 27. Bg5 Re1+ 28. Nf1 Rde8 29. Bh4 f6 30. Bxe1 Rxe1 31. Re3 Rc1 32. Rae2 f5 33. Re8+ Bf8 34. Rb8 c4 35. dxc4 Kg7 36. Rb7+ Kh6 37. Ree7 Bxe7 38. Rxe7 Rb1 39. Re3 f4 40. Rd3 Kh5 41. Kf2 Rb2+ 42. Nd2 g5 43. Kf3 Kh4 44. Ke4 Rc2 45. Nf3+ Kh5 46. Ne1 Re2+ 47. Kd5 Rxe1 48. Kc6 Re6+ 49. Kd5 Re2 50. Kc6 Rxg2 51. Kxb6 Kh4 52. c5 Rg3 53. Rd7 h5 54. b4 f3 55. Rf7 Kxh3 56. c6 Rg4 57. Rxf3+ Kh4 58. b5 axb5 59. axb5 Rc4 60. Kb7 g4 61. Rf1 g3 62. b6 g2 63. Re1 Kh3 64. c7 Kg3 65. c8Q Rxc8 66. Kxc8 Kh2 67. b7 g1Q 68. Rxg1 Kxg1 69. b8Q h4 70. Qb6+ Kg2 71. Qg6+ Kh2 72. Qd6+ Kg2 73. Qd5+ Kg3 74. Qg5+ Kh3 75. Qf5+ Kg3 76. Qg5+ Kh3 77. Qe3+ Kg4 78. Qg1+ Kh3 79. Qh1+ Kg3 80. Kd7 h3 81. Ke6 h2 82. Ke5 Kh3 83. Kf4 1-0

[Event "Goiania zt"]
[Site "Goiania"]
[Date "2017.08.18"]
[Round "2"]
[White "De Oliveira, Enzo Resende"]
[Black "Gattamorta, Julia Marzanatti"]
[Result "0-1"]
[WhiteElo "1271"]
[BlackElo "1602"]
[PlyCount "108"]
[EventDate "2017.08.18"]
[EventType "swiss"]
[EventRounds "6"]
[EventCountry "BRA"]
[SourceTitle "CBM 180 Extra"]
[Source "ChessBase"]
[SourceDate "2017.10.06"]
[SourceVersion "1"]
[SourceVersionDate "2017.10.06"]
[SourceQuality "1"]

1. c4 Nf6 2. Nc3 e6 3. g3 g6 4. Bg2 Bg7 5. Nf3 0-0 6. 0-0 c5 7. d4 cxd4 8. Nxd4 a6 9. b3 Qc7 10. Nf3 Ng4 11. Bb2 Nc6 12. Qc1 Rd8 13. Bh3 Nce5 14. Ne4 d5 15. Ned2 dxc4 16. bxc4 Bd7 17. Rb1 Bc6 18. Bg2 Qd6 19. Rd1 Qc5 20. Rf1 Rd7 21. Bc3 Qa7 22. c5 Rad8 23. Qc2 Qb8 24. Rbd1 Qc7 25. Bb2 Qa5 26. a3 Ba4 27. Qc1 Bxd1 28. Rxd1 Nxf3+ 29. Bxf3 Bxb2 30. Qxb2 Rxd2 31. Rxd2 Rxd2 32. Qxb7 Ne5 33. Qb8+ Rd8 34. Qxe5 Qxa3 35. c6 Rc8 36. c7 Qc1+ 37. Kg2 Qxc7 38. Qa1 a5 39. Be4 Qc4 40. Bd3 Qc3 41. Qa4 Rd8 42. Qb5 Qb4 43. Qxb4 axb4 44. Bc2 Rd2 45. Bd3 Rxd3 46. exd3 b3 47. Kf3 b2 48. Ke3 b1Q 49. f4 Qg1+ 50. Ke4 Qxh2 51. Kf3 Kg7 52. g4 Kf6 53. Ke4 Qg2+ 54. Ke3 Qxg4 0-1

[Event "Goiania IRT U2200 1st"]
[Site "Goiania"]
[Date "2017.06.25"]
[Round "4.6"]
[White "Couto, Januario Pereira Do"]
[Black "De Oliveira, Enzo Resende"]
[Result "1-0"]
[WhiteElo "1581"]
[BlackElo "1291"]
[PlyCount "129"]
[EventDate "2017.06.24"]
[EventType "swiss"]
[EventRounds "5"]
[EventCountry "BRA"]
[SourceTitle "EXT 2022"]
[Source "ChessBase"]
[SourceDate "2021.10.06"]
[SourceVersion "1"]
[SourceVersionDate "2021.10.06"]
[SourceQuality "1"]

1. e4 c5 2. Nc3 Nc6 3. g3 g6 4. Bg2 Bg7 5. f4 d6 6. h3 Nf6 7. Nf3 0-0 8. 0-0 d5 9. exd5 Nxd5 10. Nxd5 Qxd5 11. d3 b6 12. Kh1 Bb7 13. Ne5 Qd6 14. Re1 Rab8 15. Nc4 Qd7 16. g4 Rfd8 17. Rb1 Na5 18. Nxa5 Bxg2+ 19. Kxg2 Qd5+ 20. Qf3 Qxf3+ 21. Kxf3 bxa5 22. Rxe7 Re8 23. Rxe8+ Rxe8 24. Bd2 a4 25. b3 axb3 26. axb3 Bd4 27. Re1 Rf8 28. c3 Bg7 29. Re7 a5 30. Ra7 Rd8 31. Ke2 Re8+ 32. Kd1 Rb8 33. Kc2 Rb5 34. c4 Rb6 35. Ra8+ Bf8 36. Bxa5 Re6 37. Kd2 Kg7 38. Bc3+ f6 39. g5 Be7 40. Ra7 Kf8 41. h4 fxg5 42. hxg5 Ke8 43. Be5 Kd8 44. Ra8+ Kd7 45. Ra7+ Kd8 46. Kc3 Bd6 47. Bxd6 Rxd6 48. Rxh7 Re6 49. Rh6 Ke7 50. b4 cxb4+ 51. Kxb4 Kf7 52. Kc3 Kg7 53. f5 Ra6 54. f6+ Kf7 55. Rh7+ Kg8 56. Re7 Kf8 57. Rg7 Ra3+ 58. Kd4 Ra1 59. Rxg6 Rg1 60. Kd5 Kf7 61. Rg7+ Kf8 62. d4 Ra1 63. c5 Ra8 64. c6 Rd8+ 65. Kc5 1-0